1676 1920 1923 1223 1092 1078 1729 1986 1335 1645 1031 1853 1016 1623 1699 1399 1276 1214 1357 1741 1726 1339 1862 1052 1673 1950 1682 1680 1487 1939 1991 1560 1656 1465 1212 1462 1025 1392 1125 1084 1141 1503 1837 1521 1486 1509 1797 1743 1844 1465 1414 1995 1728 1327 1830 1651 1446 1794 1337 1606 1775 1300 1184 1024 1251 1084 1415 1105 1464 1996 1845 1265 1801 1574 1375 1962 1295 1722 1305 1507 1234 1222 1669 1793 1761 1428 1436 1898 1754 1374 1652 1279 1598 1426 1747 1460 1524 1632 1010 BCNSPRNW ULIB Ver.6.0+V

เปลี่ยนเป็นภาษาไทย

Change to English
 แสดงรายละเอียดบรรณานุกรม
  กลับหน้าหลัก

Brief Record : Get Marc (ISO 2709) : E-mail record : QR code < ปิดหน้าต่าง
LEADER : 00000nam 2200000uu 4500
001    13399110782
003     ULIB
008    110609s2553||||th 000 0 tha d
020    9789743005428
050  4 QA76^bศ452ส 2553 ล.1
100 0  ศิริชัย พงษ์วิชัย
245 10 สถิติเพื่อการวิจัยด้วยโปรแกรม R เล่ม 1 การทดสอบความแตกต่าง/^cศิริชัย พงษ์วิชัย
250    พิมพ์ครั้งที่ 2
260    กรุงเทพฯ :^bสุพีเรียพริ้นติ้งเฮาส์,^c2553
300    348 หน้า :^bภาพประกอบ ;^c26 ซม.
650  7 โปรแกรม R (โปรแกรมคอมพิวเตอร์)
650  7 การประมวลผลข้อมูล
650  7 สถิติ^xการประมวลผลข้อมูล
650  7 สถิติ^xโปรแกรมคอมพิวเตอร์
945    ^p250^l0^i18261
945    ^p250^l0^i20294
995    กัณชพร
999    ^aใช้งานได้ทุกระบบ
รายการนี้ยังไม่มีแท็ก
คุณยังไม่ได้ล็อกอิน คุณสามารถมีกิจกรรมร่วมกับเว็บไซต์ได้ แต่ต้องล็อกอินก่อน ::
  ล็อกอิน

รายการสื่อสารสนเทศ

ลำดับที่ ประเภท เลขเรียก/บาร์โค้ด สถานที่ สถานะ
1. การศึกษาทั่วไป
การศึกษาทั่วไป
QA76 ศ452ส 2553 ล.1  
  Barcode: 18261
ห้องสมุดวิทยาเขตนครสวรรค์
►หนังสือทั่วไป:l:General Books
บนชั้น
2. การศึกษาทั่วไป
การศึกษาทั่วไป
QA76 ศ452ส 2553 ล.1 ฉ.2 
  Barcode: 20294
ห้องสมุดวิทยาเขตนครสวรรค์
►หนังสือทั่วไป:l:General Books
บนชั้น

รายการใกล้เคียง
    ผู้แต่ง [ศิริชัย พงษ์วิชัย]

    หัวเรื่อง [โปรแกรม R (โปรแกรมคอมพิวเตอร์)]
    หัวเรื่อง [การประมวลผลข้อมูล]

BibComment


ยังไม่เคยถูกคอมเมนท์

คอมเมนท์ทรัพยากรรายการนี้
  คอมเมนท์: สถิติเพื่อการวิจั..


 Copyright 2026. Bcnsprnw @Library